|
|
|
|
| LEADER |
01263nam a2200289 a 4500 |
| 001 |
11794408 |
| 008 |
091025s2000 enk b 001 0 eng d |
| 010 |
|
|
|a 99048959
|
| 020 |
|
|
|a 0198295146 (acid-free paper)
|
| 020 |
|
|
|a 0198297726 (Pbk. : acid-free paper)
|
| 040 |
|
|
|a DLC
|c DLC
|d DLC
|
| 082 |
0 |
0 |
|a 351
|2 21
|
| 245 |
0 |
0 |
|a Debating governance /
|c edited by Jon Pierre.
|
| 260 |
|
|
|a Oxford ;
|a New York :
|b Oxford University Press,
|c 2000.
|
| 300 |
|
|
|a xi, 251 p. ;
|c 24 cm.
|
| 500 |
|
|
|a "Grew out of a conference on theories of governance held at the Ross Priory outside Glasgow in October 1997"--Acknowledgements.
|
| 504 |
|
|
|a Includes bibliographical references and index.
|
| 541 |
1 |
|
|e 00009877
|
| 650 |
|
0 |
|a Public administration.
|
| 650 |
|
0 |
|a Democracy.
|
| 650 |
|
0 |
|a Political planning.
|
| 650 |
|
0 |
|a Regionalism.
|
| 700 |
1 |
|
|a Pierre, Jon.
|
| 852 |
4 |
|
|a Ayesha Abed Library
|j General Shelf
|
| 999 |
|
|
|c 5066
|d 5066
|
| 952 |
|
|
|0 0
|1 0
|2 ddc
|4 0
|6 351_DEB
|7 0
|9 4908
|a BRACUL
|b BRACUL
|c GEN
|d 2009-11-03
|g 0.00
|l 1
|m 1
|o 351 DEB
|p 3010009877
|r 2015-04-16
|s 2015-04-06
|t 1
|w 2009-11-03
|y BK
|x No price found in the accession register.
|
| 952 |
|
|
|0 0
|1 0
|2 ddc
|4 0
|6 351_000000000000000_DEB
|7 0
|9 43167
|a SCL
|b SCL
|c GEN
|d 2004-03-13
|l 0
|o 351 DEB
|p 3020004640
|r 2014-07-15
|t 2
|w 2014-07-15
|y BK
|